00465pab a2200157 454500008004000000100002300040245006600063260000900129300001100138362000800149650003600157650004200193650002000235700001800255773003400273180718b1997 xxu||||| |||| 00| 0 eng d aDutta Roy, Debulal aAssessing the health of a hospital - a process state approach c1997 ap.5-12 aJan aHospitals - India - West Bengal aHealth services - India - West Bengal aHealth services aGhose, Malati aManagement and Labour Studies